| 000 | 00828nam a2200265 a 4500 | ||
|---|---|---|---|
| 008 | |||
| 020 | _a0880110325 (pbk.) | ||
| 090 |
_aV263 _bLEN |
||
| 100 | 1 | _aLenz, Heinz W. | |
| 245 | 1 | 0 |
_aFit for life : _bthe Annapolis way / _cHeinz W. Lenz and John L. Murray. |
| 260 |
_aNew York : _bLeisure Press, _cc1985. |
||
| 300 |
_a352 p. : _bill. ; _c21 cm. |
||
| 504 | _aIncludes bibliographical references. | ||
| 610 | 1 | 0 |
_aUnited States. _bNavy _xPhysical training. |
| 610 | 2 | 0 |
_aUnited States Naval Academy _xAthletics. |
| 650 | 0 | _aPhysical fitness. | |
| 650 | 0 | _aPhysical education and training. | |
| 700 | 1 | _aMurray, John L. | |
| 907 |
_a.b10159940 _b21-02-13 _c15-03-05 |
||
| 003 | |||
| 005 | 20230123133958.0 | ||
| 040 | _cNUST | ||
| 049 | _aMAIN | ||
| 942 |
_cBOOKS _kV263 _mLEN |
||
| 999 |
_c157904 _d157904 |
||